Normal view
MARC view
- Koushika, N D
Entry Personal Name
001 - CONTROL NUMBER
- control field: 6382
003 - CONTROL NUMBER IDENTIFIER
- control field: OSt
005 - DATE AND TIME OF LATEST TRANSACTION
- control field: 20241101143303.0
008 - FIXED-LENGTH DATA ELEMENTS
- fixed length control field: 241101|| aca||aabn | a|a d
040 ## - CATALOGING SOURCE
- Original cataloging agency: OSt
- Transcribing agency: OSt
100 ## - HEADING--PERSONAL NAME
- Personal name: Koushika, N D
670 ## - SOURCE DATA FOUND
- Source citation: Work cat.: (OSt)9758: Koushika, N D ., Energy resources and technology, Vol 2 / , 1992.
